000 01987cam a22004694i 4500
003 PE-LiUPU
005 20250731172820.0
008 150617s r 000 0 d
035 _a(Sirsi) a13956
040 _aPE-LiUPU
_bspa
_cPE-LiUPU
_erda
049 _aPRUA
082 0 4 _a268
_bK53
_221
245 0 4 _aThe philosophy of christian school education /
_cPaul A. Kienel.
264 1 _aCalifornia :
_bAssociation of christian schools international,
_c1978.
300 _a234 páginas :
_bil. gráfs ;
_c22 cm
336 _atext
_2rdacontent
337 _aunmediated
_2rdamedia
338 _avolume
_2rdacarrier
504 _aIncluye bibliografía.
505 0 _aThe theological basis for the philosophy of christian school education. -Integrating faith and learning: principles and process. -How to implement the Christian philosophy in your school. -Developing educational objectives for the Christian school. -The Christian philosophy applied to methods of instruction. -Implementing the Christian philosophy in textbook selection and general curriculum development. -A History of philosophical patterns of thought. -Assessing the inadequacy of the present system of education.
526 _aSEG42
526 _aSEG41
526 _aSEG40
526 _aSEG39
526 _aP94
526 _aP87
526 _aP86
526 _aP85
526 _aP77
526 _aP76
526 _aP35
650 0 4 _aEducación cristiana.
650 0 4 _aEscuelas de iglesia.
700 1 _aKienel, Paul A.,
_eeditor.
910 _ajck
_bjvq
_cjck
_d20150616
942 _2ddc
_cBOOK
949 _a268 K53
_wDEWEY
_c1
_i21874
_lCCODEBUL1
_mBUL
_p00.00
_r0
_sY
_tBOOK
_u19830808
_xTEOLOGIA
_PP35
_0COMPRA
_o.STAFF. Colección General
994 _aC0
_bPEPRU
596 _a1
999 _a268 K53
_wDEWEY
_c4380
_i21874
_f2021-11-10
_g5
_lCCODEBUL1
_mBUL
_r0
_sY
_tBOOK
_u2015-6-17
_xTEOLOGIA
_PP35
_0COMPRA
_o.STAFF. Colección General
_d4380
980 _81
_gALBERTO SANCHEZ Responsable de Automatización